Comidas navideñas por foto - Estadísticas

Estadísticas generales
  • Esta prueba ha sido intentada 57 veces
  • La puntuación promedio es 9 de 16
Estadísticas de respuestas
Imagen Hint Respuesta % Correcto
España, México Roscón
98%
Caribe, España Lechón
94%
Japón Pollo Frito
89%
E.E.U.U., Reino Unido, Centroamérica Pavo Asado
87%
España, Argentina, Perú Turrón
85%
España, Latinoamérica, Rusia Ensalada Rusa
83%
Italia, Latinoamérica Panetón
77%
Colombia, España Natilla
74%
Alemania, Reino Unido, E.E.U.U Galletas de Jengibre
55%
México Tamales
36%
Reino Unido, Argentina, Uruguay Budín
21%
Argentina, Uruguay Vitel Toné
21%
Argentina Pionono
19%
Colombia, México Buñuelos
15%
Venezuela, Puerto Rico Pernil Navideño
6%
México Romeritos
6%
No se encontraron pruebas coincidentes
Distribución de puntuación
Porcentaje de gente con cada puntuación
Porcentaje por número respondido
Historial de tus puntuaciones
No has intentado esta prueba.